00940nab a22002297a 4500999001500000003000400015005001700019008004100036040000700077100002600084245008900110260007300199300001500272500002700287505008200314650002300396650004200419650005800461650002300519773015500542942001300697 c5544d5544OSt20251215153835.0190429b xxu||||| |||| 00| 0 spa d cPJ 96495aFrega, Leonardo13aLa importancia del expediente tutelar en el proceso penal juvenil cLeonardo Frega. cCiudad Autónoma de Buenos Aires :aThomson Reuters La Ley, b2025. ap. 196-198 aCita: AR/DOC/181/2025. tSi te interesa el texto completo, solicitalo a koha@justierradelfuego.gov.ar  09343aDERECHO PENAL 092730aRÉGIMEN PENAL DE LA MINORIDAD 092741aDERECHOS DE LAS NIÑAS, NIÑOS Y ADOLESCENTES 095662aADOLESCENTES0 0265893164tRevista de derecho penal y criminología. Nº 2 - Marzo 2025dCiudad Autónoma de Buenos Aires : Thomson Reuters La Ley, 2017-x00347914 2udccANA